Countries with O in Their Name - Statistics

General Stats
  • This quiz has been taken 5,688 times
    5,349 since last reset
  • The average score is 51 of 66
Answer Stats
Continent Country % Correct
Asia Oman
93%
Asia South Korea
91%
Europe Norway
89%
Europe Portugal
89%
Africa South Africa
89%
South America Bolivia
88%
South America Colombia
88%
Europe Poland
87%
North America Mexico
86%
Africa Morocco
86%
Asia North Korea
86%
Africa Democratic Republic of the Congo
85%
North America Dominica
84%
Europe Andorra
83%
Europe Bosnia and Herzegovina
83%
Europe Romania
83%
Europe Slovakia
83%
North America Dominican Republic
82%
Europe Kosovo
82%
Africa Republic of the Congo
82%
Europe Slovenia
82%
Africa Togo
82%
North America Honduras
81%
Asia Indonesia
81%
Europe Monaco
81%
Africa Angola
80%
North America Costa Rica
80%
Africa South Sudan
80%
Africa Botswana
79%
Europe Estonia
79%
Africa Somalia
79%
Oceania Tonga
79%
Africa Comoros
78%
Asia Laos
78%
Asia Mongolia
78%
Europe Montenegro
78%
Europe North Macedonia
78%
Europe San Marino
78%
Europe Croatia
77%
South America Ecuador
77%
Europe Moldova
77%
Africa Mozambique
77%
North America Barbados
76%
Asia Cambodia
76%
Europe United Kingdom
76%
Oceania Samoa
75%
Oceania Solomon Islands
75%
Africa Lesotho
74%
Africa Cameroon
73%
Africa Ethiopia
73%
Asia Jordan
73%
Europe Luxembourg
73%
North America Trinidad and Tobago
72%
North America El Salvador
71%
Africa Gabon
70%
Asia Georgia
70%
Oceania Federated States of Micronesia
69%
Asia Lebanon
69%
Africa São Tomé and Príncipe
69%
Africa Burkina Faso
67%
Africa Djibouti
67%
Asia Singapore
67%
Africa Ivory Coast (Côte d'Ivoire)
65%
Asia East Timor
63%
Africa Sierra Leone
61%
Africa Equatorial Guinea
60%
No matching quizzes found
Score Distribution
Percent of People with Each Score
Percentile by Number Answered
Your Score History
You have not taken this quiz since the last reset